00458nam a2200181 a 4500001001300000003000900013005001700022008004100039020002300080082001300103100001500116245002900131260003700160300000900197500003500206650002000241700001500261nice12345678IN_TiNIC20260116014848.0100119s2010 dela grp 000 0 eng  a9788190461689c59500a425bSIN aSingh, R K aCommon Errors in English aDelhi bSwastik Prakashan c2010 a256p aincludes index and biblioraphy aEnglish-Grammar1 aSingh, R K